Trois réformateurs, Luther, Descartes, Rousseau

Збережено в:
Бібліографічні деталі
Автор: Maritain, Jacques (autor)
Формат: Книга
Мова:Французька
Опубліковано: París Plon 1925
Предмети:
Теги: Додати тег
Немає тегів, Будьте першим, хто поставить тег для цього запису!

MARC

LEADER 00000nam a2200000 a 4500
001 UCZ3208
003 CL-VaPUC
008 951020e19250000FR |||||||||||||||||fre|d
082 0 4 |a 194  |b MAR  |2 21 
100 |a Maritain, Jacques  |e autor  |9 255680 
245 1 0 |a Trois réformateurs, Luther, Descartes, Rousseau 
300 |a 325 p 
942 |c BK 
945 |d 19951020 00:00:00  |a rleighto 
260 |a París  |b Plon  |c 1925 
600 0 7 |a LUTERO  |2 CL-VaPUC  |9 347023 
600 0 |a Descartes, René  |e autor  |9 265906 
600 0 |a Rousseau, Jean Jacques  |e autor  |9 255697 
650 0 |a Filosofía francesa   |9 255698 
583 |a last modification  |c 19951020 00:00:00  |k Rodrigo Vera 
999 |c 239706  |d 239704 
952 |0 0  |1 0  |4 0  |6 194_000000000000000_MAR_1925  |7 0  |8 P  |9 251020  |a BIBEDU  |b BIBEDU  |c BIBEDU_PB  |d 2019-11-18  |i 3127362  |o 194 MAR 1925  |p 3127362  |r 2024-01-25  |w 2019-11-18  |y BK  |k FIL